01758cam a22003494i 4500003000900000005001700009008004100026020001800067035002700085040003300112082002200145100004000167245013400207264006100341300003500402336002100437337002500458338002300483500004100506505063900547526000901186526000901195526000801204526000801212526000801220541001701228650004001245650003801285650003201323700002701355700002601382PE-LiUPU20250731183438.0150706s r 000 0 d a9789709726695 a(Sirsi) i9789709726695 aPE-LiUPUbspacPE-LiUPUerda04a728.972bH22s2211 aHaro, Fernando de,d1965- ,eautor.10aArquitectos mexicanos :bsencillez vanguardista /cAutor y editor, Fernando de Haro, Omar Fuentes ; traducción, Louis Loizides. 1aMéxico, D.F. :bArquitectos Mexicanos Editores,c2007. a191 páginas :bil, ;c29 cm. atext2rdacontent aunmediated2rdamedia avolume2rdacarrier aParalelo texto español e Inglés.0 aRicardo Agraz Orozco -- Gillermo Alcocer -- Guillermo Almanza C. Gerardo Varela E -- Ángel Alonso Chein. Eduardo Gutierrez G -- Mario Armella M. Mario Armella G -- Alejandro Belden R. Manuel Ortiz V -- Oscar M. Cadena -- Alex Carrenza Valles. Gerardo Ruíz Díaz -- Fernando de Haro L. Jesús Fernández S. Omar Fuentes E. Bertha Figueroa P -- Gerardo García L. Avelino González Espinosa -- Alvaro González Guerra -- Francisco Guzmán Giraud -- Ricardo Legorreta. Víctor Legorreta. Miguel Almaraz. Adriana Ciklik. Carlos Vargas -- Genaro Nieto Ituarte -- José M. Nogal Moragues -- Felipe C. Rodriguez. Angeles Guerra. aP158 aP146 aP17 aP12 aP06 g015-0015390;14aArquitectura domésticazMéxico.24aArquitecturazMéxicoySiglo XX.24aArquitectura de interiores.1 aFuentes, Omar,eautor.1 aLoizides, Louis,etr.